000 00564cam a22002051 4500
001 sa 68013048
003 DLC
005 20260227112619.0
008 890526s1964 io 000 0 ind
010 _asa 68013048
035 _a(OCoLC)23565618
040 _aDLC
_cMiU
_dDLC
042 _apremarc
050 0 0 _aNK9503
_b.J65
110 2 _aJosoboesono.
245 1 0 _aPenuntun praktek hal resèp batik;
_buntuk berdikari dalam usaha batik keradjinan, batik indusktri, dll.
260 _a[Solo,
_bSelamat,
_c1964?]
300 _a56 p.
_c21 cm.
650 0 _aBatik
999 _c84914
_d84914